000 01758nam a22001577a 4500
041 _aukr
080 _a09
090 _bДМИ
100 _aДмитрук, Я. В.
245 _aВербальні та невербальні складові сучасної комунікації (на прикладі англійської, французької та української мов)
260 _aОстрог
_bКАФ
_c2014
300 _a72
520 _aВступ. Розділ І. Невербальні компоненти комунікації як обєкт наукових досліджень. 1.1. Сучасні підходи до вивчення НЗС у мовознавчій найці 1.2. Класифікація та функції невербальних компонентів комунікації Розділ ІІ. Особливості вербалізації невербальних компонентів комунікації в англійській, французькій та українській мовах. 2.1. Репрезентація НЗС у фразеології англійської мови 2.2. Репрезентація НЗС у фразеосемантичних полях французької мови 2.3. Репрезентація НЗС у фразеології української мови 2.4. Порівняльний аналіз відображення НЗС у ФО на прикладі англійської, французької та української мов Висновки. Список використаної літератури. Додатки.
_0комунікація, фразеологія
650 _aResearch Papers
999 _c285401
_d285401
942 _cBK